Statistics for Heaviest Populated Cities Within A Landlocked Country

Click here to take the quiz!

General Stats

  • This quiz has been taken 50 times
  • The average score is 9 of 13

Answer Stats

PopAnswer% Correct
1.82 millLa Paz
93%
2.3 millBudapest
87%
2.2 millAsuncion
85%
2 millVienna
85%
2.9 millKabul
74%
1.97 millKampala
74%
2.3 millHarare
72%
2.5 millTashkent
70%
1.85 millMinsk
70%
3.1 millAddis Ababa
65%
1.8 millLusaka
61%
1.92 millBamako
59%
1.95 millBaku
46%

Score Distribution

Percentile by Number Answered

Percent of People with Each Score

Your Score History

You have not taken this quiz